• 首页
  • 本馆介绍
  • 公告通知
  • 最新文献
  • 馆藏检索
  • 电子资源
  • 读者导购
  • 参考咨询
  • 我的图书馆
  • 登录
  • 详细信息显示
  • 放入我的书架
  • 预约/预借图书
  • 作者相关作品
  • 分类相关作品
  • 丛书相关作品
  • 出版社相关作品

书目信息

  • 表格格式
  • 工作单格式
  • 卡片格式
题名:
材料力学
    
 
作者: 方孝淑 , 关来泰 , 孙训方 编
分册: 上册  
出版信息: 北京   高等教育出版社  1979.07
页数: 387页
开本: 19cm
丛书名:
单 册:
中图分类: TB301
科图分类:
主题词: 工程材料
电子资源:
ISBN:
000 00645nam0 2200229 45
001 0405201523
005 20060808164722.71
010    @dCNY1.30
091    @a15010.0117
100    @a20040520d1979 km y0chiy0120 ea
101 0  @achi
200 1  @a材料力学@h上册@ACai Liao Li Xue@f孙训方,方孝淑,关来泰编@FSun Xun Fang,Fang Xiao Shu,Guan Lai Tai Bian
210    @a北京@c高等教育出版社@d1979.07
215    @a387页@d19cm
300    @a高等学校试用教材
606 0  @a工程材料
690    @aTB301@v3
701  0 @a方孝淑@4编
701  0 @a关来泰@4编
701  0 @a孙训方@4编
801    @aCN@bPftUser@c20060808
905    @f3@b149685-687@dTB301@e106:1
    
    材料力学.上册/孙训方,方孝淑,关来泰编.-北京:高等教育出版社,1979.07
    387页;19cm
    高等学校试用教材
    
    ISBN :CNY1.30
    
●
相关链接 在E读中查询图书 在五车中查询图书 在当当中查询图书 在豆瓣中查询图书


正题名:材料力学     索取号:TB301/106:1         预约/预借

序号 登录号 条形码 馆藏地/架位号 状态 备注
1 0147690   001359023   第三借阅区/ [索取号:TB301/106:1] 在馆    
2 0147965   001359069   密集书库/ [索取号:TB301/106:1] 在馆    
3 0147967   001359103   密集书库/ [索取号:TB301/106:1] 在馆    
4 0149685   001359069   密集书库/ [索取号:TB301/106:1] 在馆    
5 0149686   001358989   密集书库/ [索取号:TB301/106:1] 在馆    
6 0149687   001359103   密集书库/ [索取号:TB301/106:1] 在馆    
7 0149688   202451881   第二样本阅览室/ [索取号:TB301/106:1] 在馆    
8 0451755   204517558   密集书库/ [索取号:TB301/106:1] 在馆    
9 0451756   204517567   密集书库/ [索取号:TB301/106:1] 在馆    
10 0451757   204517576   密集书库/ [索取号:TB301/106:1] 在馆    
11 0451758   204517585   密集书库/ [索取号:TB301/106:1] 在馆    
12 0451759   204517594   密集书库/ [索取号:TB301/106:1] 在馆    
唐山师范学院图书馆 欢迎您!
大连网信软件有限公司© 版权所有